Pendidikan sastera dalam KBSM (Record no. 27526)

MARC details
000 -LEADER
fixed length control field 00713nam a2200253 i 4500
001 - CONTROL NUMBER
control field C2-0110833
003 - CONTROL NUMBER IDENTIFIER
control field PPAK
005 - DATE AND TIME OF LATEST TRANSACTION
control field 20180727103221.0
008 - FIXED-LENGTH DATA ELEMENTS--GENERAL INFORMATION
fixed length control field 970628s1993 my |||| ||||| | may d
020 ## - INTERNATIONAL STANDARD BOOK NUMBER
International Standard Book Number 9839736108
040 ## - CATALOGING SOURCE
Original cataloging agency PPAK
Language of cataloging eng
Transcribing agency PPAK
Description conventions rda
082 04 - DEWEY DECIMAL CLASSIFICATION NUMBER
Classification number 899.2307
Edition number 23
090 00 - LOCALLY ASSIGNED LC-TYPE CALL NUMBER (OCLC); LOCAL CALL NUMBER (RLIN)
Classification number (OCLC) (R) ; Classification number, CALL (RLIN) (NR) 899.2307
Feature heading HAN
Feature heading G
Classification number (OCLC) (R) ; Classification number, CALL (RLIN) (NR) 899.2307
Feature heading HAN
Feature heading KIH
100 0# - MAIN ENTRY--PERSONAL NAME
Personal name Hanapiah Sudin,
Relator term author
245 10 - TITLE STATEMENT
Title Pendidikan sastera dalam KBSM
264 #1 - PRODUCTION, PUBLICATION, DISTRIBUTION, MANUFACTURE, AND COPYRIGHT NOTICE
Place of production, publication, distribution, manufacture Ulu Klang, Selangor :
Name of producer, publisher, distributor, manufacturer Progressive Pub ,
Date of production, publication, distribution, manufacture, or copyright notice 1993
300 ## - PHYSICAL DESCRIPTION
Extent viii, 112 pages ;
Dimensions 17 cm
336 ## - CONTENT TYPE
Source rdacontent
Content type term text
337 ## - MEDIA TYPE
Source rdamedia
Media type term unmediated
338 ## - CARRIER TYPE
Source rdacarrier
Carrier type term volume
650 10 - SUBJECT ADDED ENTRY--TOPICAL TERM
Topical term or geographic name entry element Malay literature - Study and teaching
942 ## - ADDED ENTRY ELEMENTS (KOHA)
-- dc
Koha item type Book
Holdings
Withdrawn Not for loan Current library Shelving location Date acquired Full call number Barcode Date last seen Koha item type
  Not For Loan Perpustakaan Alor Setar Koleksi Ismail Hussein 30/08/1998 KIH 899.2307 HAN A00176621 08/05/2018 Book
    Perpustakaan Jitra Pinjaman Dewasa 26/02/2004 899.2307 HAN A00844875 08/05/2018 Book
    Perpustakaan Kulim Pinjaman Dewasa 13/08/2003 899.2307 HAN A00338747 08/05/2018 Book